000 00364cam a2200145ua 4500
041 _aeng
_h
082 _a928.9171
_bTOL/TO
100 _aTolstoy, Sergei .
245 _aTolstoy Remembered /
_cSergei Tolstoy.
_hTextual Documents
260 _aLondon :
_bWeidenfeld and Nicolson ,
_c1961.
300 _a234 ; .
504 _a
942 _cBK
999 _c1266
_d1266